000 00342nam a2200133 i 4500
001 bg
100 1 _aMIZERACZYK, J.
245 0 _aFunkcja rozkładu energii elektronów w wysokonapięciowym... /
_cJ. Mizeraczyk.
260 _aWarszawa,
_c1984.
040 _cBPK
041 _apol
942 _cKS
008 s pl f |000 0 pol
999 _c27991
_d27991
856 _uhttp://koha.tu.koszalin.pl/cgi-bin/koha/opac-detail.pl?biblionumber=27991
_yKatalog online BPK